The physics of solar cells (Record no. 6854)
[ view plain ]
| 000 -LEADER | |
|---|---|
| fixed length control field | 00457 a2200169 4500 |
| 001 - CONTROL NUMBER | |
| control field | 132490 |
| 003 - CONTROL NUMBER IDENTIFIER | |
| control field | OSt |
| 005 - DATE AND TIME OF LATEST TRANSACTION | |
| control field | 20220110123004.0 |
| 008 - FIXED-LENGTH DATA ELEMENTS--GENERAL INFORMATION | |
| fixed length control field | |
| 082 ## - DEWEY DECIMAL CLASSIFICATION NUMBER | |
| Classification number | 537.54 |
| Item number | N33P |
| 100 1# - MAIN ENTRY--PERSONAL NAME | |
| Personal name | Nelson, Jenny |
| 245 1# - TITLE STATEMENT | |
| Title | The physics of solar cells |
| Statement of responsibility, etc | by Jenny Nelson |
| 260 ## - PUBLICATION, DISTRIBUTION, ETC. (IMPRINT) | |
| Place of publication, distribution, etc | London |
| Name of publisher, distributor, etc | Imperial College Press |
| Date of publication, distribution, etc | 2010 |
| 300 ## - PHYSICAL DESCRIPTION | |
| Extent | 363p. |
| 690 ## - LOCAL SUBJECT ADDED ENTRY--TOPICAL TERM (OCLC, RLIN) | |
| Topical term or geographic name as entry element | Photovoltaic cells; Solar cells; Photovoltaic effect |
| 942 ## - ADDED ENTRY ELEMENTS (KOHA) | |
| Source of classification or shelving scheme | Dewey Decimal Classification |
| Koha item type | Books |
| Withdrawn status | Lost status | Source of classification or shelving scheme | Damaged status | Not for loan | Collection code | Home library | Current library | Date acquired | Source of acquisition | Cost, normal purchase price | Full call number | Barcode | Date last seen | Price effective from | Koha item type |
|---|---|---|---|---|---|---|---|---|---|---|---|---|---|---|---|
| Dewey Decimal Classification | General Text Book | Central University Of Rajasthan | Central University Of Rajasthan | 08/06/2012 | PHY | 8.00 | 537.54 N33P | 9971 | 21/11/2024 | 02/09/2020 | Books |
